Negara Kita : Sejarah Pentadbiran dan Dasar-Dasar Pembangunan

Bibliographic Details
Format: Book
Published: Kuala Lumpur : Institut Tadbiran Awam Negara , 1980
Subjects:

MARC

LEADER 00000cam a2200000 7i4500
001 0000007627
005 20161216.0
040 |a INS 
090 0 0 |a DS596.   |b N43 1980 
245 0 0 |a Negara Kita :   |b Sejarah Pentadbiran dan Dasar-Dasar Pembangunan 
260 |a Kuala Lumpur :   |b Institut Tadbiran Awam Negara ,   |c 1980 
300 |a 293p :   |b 25 cm 
650 0 0 |z Malaysia   |x Economic Policy 
650 0 0 |z Malaysia   |x History 
999 |a 0000022854   |b BOOK   |c Open Shelf   |e Default branch 
999 |a 0000022855   |b BOOK   |c Open Shelf   |e Default branch